[Event "BL2-Ost 0102"]
[Site "Germany"]
[Date "2002.04.28"]
[Round "9.4"]
[White "Hirn, Oskar"]
[Black "Dutschak, Hauke"]
[Result "1/2-1/2"]
[WhiteElo "2360"]
[BlackElo "2326"]
[PlyCount "128"]
[EventDate "2001.10.07"]
[EventType "team-tourn"]
[EventRounds "9"]
[EventCountry "GER"]
[SourceTitle "CBM 088 Extra"]
[Source "ChessBase"]
[SourceDate "2002.07.01"]
[SourceVersion "2"]
[SourceVersionDate "2002.07.01"]
[SourceQuality "1"]
[WhiteTeam "Nuernberg"]
[BlackTeam "Wuerzburg"]
[WhiteTeamCountry "GER"]
[BlackTeamCountry "GER"]

1. d4 d6 2. e4 c6 3. Nc3 Qc7 4. Be3 e5 5. h3 Ne7 6. Nf3 Ng6 7. Bc4 Be7 8. a3 h6 9. Qd2 b5 10. Bb3 a6 11. Ne2 Nd7 12. c4 Nf6 13. cxb5 Qb7 14. Ng3 Qxb5 15. Ba2 c5 16. dxc5 dxc5 17. a4 Qb4 18. Qxb4 cxb4 19. Nf5 Bxf5 20. exf5 Nf4 21. Bxf7+ Kxf7 22. Nxe5+ Kg8 23. Bxf4 Kh7 24. Ng6 Rhe8 25. 0-0 Nd5 26. Be5 Bc5 27. Rfd1 Red8 28. Rd3 Nb6 29. Rad1 Re8 30. b3 a5 31. g4 Rac8 32. h4 Be7 33. h5 Kg8 34. Kg2 Bc5 35. f4 Kf7 36. Kf3 Be7 37. Nxe7 Rxe7 38. g5 hxg5 39. Rg1 Nd7 40. Bd6 g4+ 41. Rxg4 Ree8 42. Rg2 Nf6 43. Be5 Nxh5 44. Rd7+ Re7 45. Rxe7+ Kxe7 46. Rg5 Rh8 47. Bc7 Kf7 48. Bxa5 Nf6 49. Bc7 Rh1 50. Kg2 Rb1 51. Rg3 Ne4 52. Rd3 Nc5 53. Rd5 Rb2+ 54. Kf3 Rxb3+ 55. Kg4 Ne4 56. Rd7+ Ke8 57. Rd4 Nf2+ 58. Kg5 Rg3+ 59. Kh5 Kf7 60. Bd8 Rd3 61. Bb6 b3 62. Rb4 Rh3+ 63. Kg5 Rg3+ 64. Kh4 Rh3+ 1/2-1/2

[Event "BL2-Ost 0102"]
[Site "Germany"]
[Date "2002.03.17"]
[Round "7.3"]
[White "Dutschak, Hauke"]
[Black "Cech, Pavel"]
[Result "1-0"]
[WhiteElo "2326"]
[BlackElo "2337"]
[PlyCount "143"]
[EventDate "2001.10.07"]
[EventType "team-tourn"]
[EventRounds "9"]
[EventCountry "GER"]
[SourceTitle "CBM 088 Extra"]
[Source "ChessBase"]
[SourceDate "2002.07.01"]
[SourceVersion "2"]
[SourceVersionDate "2002.07.01"]
[SourceQuality "1"]
[WhiteTeam "Wuerzburg"]
[BlackTeam "Bindlach"]
[WhiteTeamCountry "GER"]
[BlackTeamCountry "GER"]

1. d3 d5 2. Nd2 c5 3. e4 e6 4. g3 Nc6 5. Bg2 Nge7 6. f4 g6 7. Ngf3 Bg7 8. c3 b6 9. Qe2 a5 10. e5 a4 11. 0-0 0-0 12. Ng5 a3 13. b3 b5 14. Ndf3 h6 15. Nh3 b4 16. c4 Nf5 17. Qf2 Qb6 18. g4 Nfe7 19. Be3 d4 20. Bd2 Bb7 21. Qh4 Qd8 22. f5 Nxf5 23. gxf5 Qxh4 24. Nxh4 exf5 25. e6 Bf6 26. exf7+ Kxf7 27. Bd5+ Kg7 28. Ng2 Rae8 29. Nhf4 Nd8 30. Rae1 Bc8 31. Bf3 Be5 32. Nd5 g5 33. Bh5 Re6 34. h4 Bg3 35. Rxe6 Nxe6 36. Ne7 f4 37. Bg4 Kf6 38. Nxc8 Rxc8 39. Be1 Bxe1 40. Rxe1 Rc6 41. Kf2 Nf8 42. Re4 Ng6 43. Bf3 Rc8 44. Ke2 Ne5 45. Bh5 Kf5 46. Ne1 g4 47. Rxe5+ Kxe5 48. Bxg4 Rg8 49. Kf3 Rg7 50. h5 Re7 51. Ng2 Re8 52. Nh4 Kf6 53. Ng2 Kg5 54. Bd7 Re7 55. Bg4 Re5 56. Bd7 Kxh5 57. Kxf4 Re7 58. Bf5 Rf7 59. Ne1 Rg7 60. Nf3 Rg2 61. Be6 Rg7 62. Bf5 Rg2 63. Be6 Rg7 64. Ne5 Kh4 65. Bg4 Rxg4+ 66. Nxg4 Kh3 67. Kf3 h5 68. Nf6 h4 69. Ne4 Kh2 70. Kf2 Kh1 71. Nxc5 h3 72. Ne4 1-0

[Event "BL2-Ost 0102"]
[Site "Germany"]
[Date "2002.01.20"]
[Round "4.4"]
[White "Dutschak, Hauke"]
[Black "Meister, Peter"]
[Result "1-0"]
[WhiteElo "2326"]
[BlackElo "2415"]
[PlyCount "69"]
[EventDate "2001.10.07"]
[EventType "team-tourn"]
[EventRounds "9"]
[EventCountry "GER"]
[SourceTitle "CBM 088 Extra"]
[Source "ChessBase"]
[SourceDate "2002.07.01"]
[SourceVersion "2"]
[SourceVersionDate "2002.07.01"]
[SourceQuality "1"]
[WhiteTeam "Wuerzburg"]
[BlackTeam "Bamberg"]
[WhiteTeamCountry "GER"]
[BlackTeamCountry "GER"]

1. d4 e6 2. Nf3 d5 3. Bf4 Nf6 4. Nbd2 Nh5 5. Be5 f6 6. Bg3 g6 7. e4 Bg7 8. Bd3 0-0 9. c3 b6 10. Qc2 Ba6 11. 0-0-0 Qd7 12. exd5 Bxd3 13. Qxd3 exd5 14. Rde1 Nc6 15. Re2 Rfe8 16. Rhe1 Rxe2 17. Qxe2 Nxg3 18. hxg3 Kf7 19. Qb5 Re8 20. Rh1 Kg8 21. Qd3 Bf8 22. Nf1 Nd8 23. Ne3 Nf7 24. Nh2 c6 25. Nf3 Bh6 26. Re1 Nd6 27. Kc2 Ne4 28. Nd1 b5 29. Nh2 Kf7 30. Re2 Qf5 31. g4 Qf4 32. Nf1 Qc1+ 33. Kb3 c5 34. Qc2 Bf8 35. Qxc1 1-0

[Event "BL2-Ost 0001"]
[Site "Germany"]
[Date "2001.04.29"]
[Round "9.2"]
[White "Dutschak, Hauke"]
[Black "Casper, Thomas"]
[Result "0-1"]
[WhiteElo "2324"]
[BlackElo "2412"]
[PlyCount "60"]
[EventDate "2000.10.15"]
[EventType "team-tourn"]
[EventRounds "9"]
[EventCountry "GER"]
[SourceTitle "CBM 082 Extra"]
[Source "ChessBase"]
[SourceDate "2001.07.03"]
[SourceVersion "1"]
[SourceVersionDate "2001.07.03"]
[SourceQuality "1"]
[WhiteTeam "Wuerzburg"]
[BlackTeam "Erfurt"]
[WhiteTeamCountry "GER"]
[BlackTeamCountry "GER"]

1. d4 Nf6 2. Nf3 d6 3. Nc3 c6 4. Bg5 Nbd7 5. Qd2 b5 6. Qf4 h6 7. Bxf6 Nxf6 8. e4 g6 9. e5 b4 10. exf6 bxc3 11. bxc3 exf6 12. Bd3 Bg7 13. 0-0 0-0 14. Rfe1 f5 15. Rab1 Be6 16. Rb7 Bd5 17. Ree7 Qa5 18. Qxd6 Rfd8 19. Qxg6 fxg6 20. Rxg7+ Kf8 21. c4 Rab8 22. cxd5 Rxb7 23. Rxb7 Rxd5 24. h4 Qxa2 25. h5 gxh5 26. c4 Rxd4 27. Bxf5 Rd1+ 28. Kh2 Qxf2 29. Bg6 h4 30. Rf7+ Kg8 0-1

[Event "BL2-Ost 9900"]
[Site "Germany"]
[Date "1999.10.10"]
[Round "1.6"]
[White "Dutschak, Hauke"]
[Black "Kyas, Juergen"]
[Result "1-0"]
[WhiteElo "2280"]
[BlackElo "2280"]
[PlyCount "84"]
[EventDate "1999.10.10"]
[EventType "team-tourn"]
[EventRounds "9"]
[EventCountry "GER"]
[SourceTitle "CBM 074 Extra"]
[Source "ChessBase"]
[SourceDate "2000.03.10"]
[SourceVersion "2"]
[SourceVersionDate "2000.03.10"]
[SourceQuality "1"]
[WhiteTeam "Wuerzburg"]
[BlackTeam "Chemnitz USG"]
[WhiteTeamCountry "GER"]
[BlackTeamCountry "GER"]

1. d3 c5 2. Nd2 Nc6 3. g3 g6 4. Bg2 Bg7 5. e4 e6 6. f4 Nge7 7. c3 d6 8. Ne2 b6 9. Nf3 Ba6 10. 0-0 0-0 11. Be3 Rc8 12. Qd2 Qd7 13. Rad1 Rfd8 14. Bf2 f5 15. Rfe1 h6 16. h4 Kh7 17. h5 gxh5 18. Nh4 Ng6 19. Nxg6 Kxg6 20. Kh2 Ne7 21. Ng1 Ng8 22. e5 dxe5 23. fxe5 Bb7 24. Nh3 Bxg2 25. Nf4+ Kh7 26. Kxg2 Qc6+ 27. Kh2 Ne7 28. Qe2 Ng6 29. Qxh5 Qe8 30. d4 cxd4 31. Bxd4 Nxf4 32. Qxe8 Rxe8 33. gxf4 Kg6 34. Rg1+ Kf7 35. Bxb6 Re7 36. Bf2 Rb7 37. Rd2 Bf8 38. Kg2 a5 39. Kf3 a4 40. Bd4 Be7 41. Rdg2 Bf8 42. Rg6 Ke7 1-0

[Event "BL2-Ost 9899"]
[Site "Germany"]
[Date "1999.02.21"]
[Round "6.5"]
[White "Vogler, Tilmann"]
[Black "Dutschak, Hauke"]
[Result "1-0"]
[WhiteElo "2325"]
[BlackElo "2320"]
[PlyCount "101"]
[EventDate "1998.10.18"]
[EventType "team-tourn"]
[EventRounds "9"]
[EventCountry "GER"]
[SourceTitle "GER-chT2"]
[Source "ChessBase"]
[SourceDate "1999.07.01"]
[SourceVersion "1"]
[SourceVersionDate "1999.07.01"]
[SourceQuality "1"]
[WhiteTeam "Schott Mainz"]
[BlackTeam "Wuerzburg"]
[WhiteTeamCountry "GER"]
[BlackTeamCountry "GER"]

1. d4 d6 2. f4 Nf6 3. Nf3 Bf5 4. h3 h5 5. e3 Nc6 6. d5 Nb4 7. Nd4 Be4 8. c4 c5 9. a3 Na6 10. Nf3 Nc7 11. Nc3 e6 12. dxe6 Nxe6 13. Nxe4 Nxe4 14. Qd5 Ng3 15. Rg1 Be7 16. Bd2 Bf6 17. Bd3 Qb6 18. Bg6 Ke7 19. Kf2 h4 20. Bc2 Rad8 21. Bc3 Rh5 22. Qd2 Bxc3 23. Qxc3 Qc6 24. Nxh4 Ne4+ 25. Bxe4 Qxe4 26. Nf3 d5 27. Rad1 d4 28. exd4 cxd4 29. Qb4+ Kf6 30. Rge1 Qxf4 31. Qxb7 Rb8 32. Qe4 Rxb2+ 33. Kg1 Qg3 34. Nxd4 Rxh3 35. Rf1+ Kg5 36. Rf4 Kh6 37. Rf6+ Kh5 38. Qh7+ Kg5 39. Qf5+ Kh4 40. Nf3+ Qxf3 41. Qxf3 Rxf3 42. Rxf3 Ng5 43. Rf2 Rb3 44. a4 Rb4 45. Rd4+ Kg3 46. Rd3+ Kg4 47. Rc2 Rxa4 48. c5 Ne4 49. c6 Ng3 50. Rxg3+ Kxg3 51. Rc3+ 1-0

[Event "BL2-Ost 9798"]
[Site "Germany"]
[Date "1998.??.??"]
[Round "4.4"]
[White "Meister, Peter"]
[Black "Dutschak, Hauke"]
[Result "0-1"]
[WhiteElo "2395"]
[BlackElo "2320"]
[PlyCount "66"]
[EventDate "1997.10.??"]
[EventType "team-tourn"]
[EventRounds "9"]
[EventCountry "GER"]
[SourceTitle "EXT 1999"]
[Source "ChessBase"]
[SourceDate "1998.11.16"]
[SourceVersion "1"]
[SourceVersionDate "1998.11.16"]
[SourceQuality "1"]
[WhiteTeam "Bamberg"]
[BlackTeam "Wuerzburg"]
[WhiteTeamCountry "GER"]
[BlackTeamCountry "GER"]

1. d4 d6 2. c4 e5 3. Nf3 exd4 4. Nxd4 g6 5. g3 Bg7 6. Bg2 Ne7 7. 0-0 0-0 8. Nc3 Nd7 9. Rb1 a6 10. Nd5 c6 11. Nxe7+ Qxe7 12. e4 Re8 13. Re1 Qf6 14. Nc2 h5 15. h3 h4 16. g4 b5 17. g5 Qe7 18. b3 Bb7 19. f4 Rad8 20. Qg4 Nc5 21. Ba3 Nd3 22. Re3 b4 23. Rxd3 bxa3 24. Qxh4 d5 25. exd5 cxd5 26. Re1 dxc4 27. Rxd8 Qxd8 28. Bxb7 cxb3 29. axb3 Qb6+ 30. Kh2 Rxe1 31. Qxe1 Qxb7 32. Nxa3 Qxb3 33. Qe8+ Bf8 0-1

[Event "BL2-Ost 9798"]
[Site "Germany"]
[Date "1998.??.??"]
[Round "8.5"]
[White "Niedermaier, Hans"]
[Black "Dutschak, Hauke"]
[Result "1-0"]
[WhiteElo "2275"]
[BlackElo "2320"]
[PlyCount "161"]
[EventDate "1997.10.??"]
[EventType "team-tourn"]
[EventRounds "9"]
[EventCountry "GER"]
[SourceTitle "EXT 1999"]
[Source "ChessBase"]
[SourceDate "1998.11.16"]
[SourceVersion "1"]
[SourceVersionDate "1998.11.16"]
[SourceQuality "1"]
[WhiteTeam "Forchheim"]
[BlackTeam "Wuerzburg"]
[WhiteTeamCountry "GER"]
[BlackTeamCountry "GER"]

1. e4 d5 2. exd5 Nf6 3. d4 Nxd5 4. Nc3 Bf5 5. Bd3 Qd7 6. Bxf5 Qxf5 7. Nxd5 Qxd5 8. Nf3 Qe4+ 9. Qe2 Qxe2+ 10. Kxe2 e6 11. Rd1 Nd7 12. d5 e5 13. Kf1 Be7 14. Re1 f6 15. Nh4 g6 16. f4 0-0 17. Be3 Rae8 18. f5 Kf7 19. g4 Bd6 20. Ng2 Rh8 21. Re2 g5 22. Bf2 h5 23. Ne3 e4 24. gxh5 Bxh2 25. Ng4 Bd6 26. Rae1 Rxh5 27. Rxe4 Rh1+ 28. Bg1 Reh8 29. Kg2 R1h3 30. R1e3 Rxe3 31. Bxe3 Ne5 32. Nf2 a5 33. a3 Rh5 34. a4 b6 35. b3 g4 36. Nxg4 Nxg4 37. Rxg4 Rxf5 38. c4 Rh5 39. Kf3 Rh2 40. Ke4 Rb2 41. Bh6 Rxb3 42. Rg7+ Ke8 43. Kf5 Kd8 44. Kxf6 Rb4 45. Rg8+ Kd7 46. Kf5 Rxa4 47. Bg5 c6 48. Rg7+ Kc8 49. Ke6 Rxc4 50. Kxd6 cxd5 51. Kxd5 Rc5+ 52. Kd6 Rc2 53. Be3 a4 54. Ra7 Kb8 55. Ra6 Rc7 56. Rxb6+ Rb7 57. Ra6 Rg7 58. Rxa4 Rg6+ 59. Kd5 Kc8 60. Ra7 Kd8 61. Bf4 Ke8 62. Ke5 Rb6 63. Be3 Rg6 64. Kf5 Rc6 65. Bg5 Rb6 66. Re7+ Kf8 67. Bf6 Rb1 68. Ra7 Re1 69. Be5 Rf1+ 70. Ke6 Kg8 71. Rg7+ Kf8 72. Rh7 Ke8 73. Rb7 Rd1 74. Rb8+ Rd8 75. Rb2 Rd1 76. Bg3 Rd3 77. Rb1 Re3+ 78. Be5 Rd3 79. Bf4 Rd4 80. Bd6 Re4+ 81. Be5 1-0

[Event "Wuerzburg op 13th"]
[Site "Wuerzburg"]
[Date "1997.??.??"]
[Round "5"]
[White "Bezold, Michael"]
[Black "Dutschak, Hauke"]
[Result "1/2-1/2"]
[WhiteElo "2500"]
[BlackElo "2280"]
[PlyCount "35"]
[EventDate "1997.05.??"]
[EventType "swiss"]
[EventRounds "7"]
[EventCountry "GER"]
[SourceTitle "CBM 058 Extra"]
[Source "ChessBase"]
[SourceDate "1997.07.29"]
[SourceVersion "1"]
[SourceVersionDate "1997.07.29"]
[SourceQuality "1"]

1. d4 d6 2. g3 e5 3. dxe5 dxe5 4. Qxd8+ Kxd8 5. Nc3 Bf5 6. e4 Be6 7. f4 Bb4 8. Nf3 Nf6 9. Ng5 Re8 10. Be3 exf4 11. gxf4 Bxc3+ 12. bxc3 Bd5 13. 0-0-0 Nbd7 14. Bh3 Bxe4 15. Rhg1 Bg6 16. Bd4 Ke7 17. Be5 Nxe5 18. fxe5 1/2-1/2

[Event "BL2-Ost 9798"]
[Site "Germany"]
[Date "1997.??.??"]
[Round "3.4"]
[White "Dutschak, Hauke"]
[Black "Schmidt, Jan Peter"]
[Result "1-0"]
[WhiteElo "2320"]
[BlackElo "2260"]
[PlyCount "81"]
[EventDate "1997.10.??"]
[EventType "team-tourn"]
[EventRounds "9"]
[EventCountry "GER"]
[SourceTitle "EXT 1999"]
[Source "ChessBase"]
[SourceDate "1998.11.16"]
[SourceVersion "1"]
[SourceVersionDate "1998.11.16"]
[SourceQuality "1"]
[WhiteTeam "Wuerzburg"]
[BlackTeam "Schoeneck"]
[WhiteTeamCountry "GER"]
[BlackTeamCountry "GER"]

1. e4 g6 2. d4 Bg7 3. Nc3 d6 4. Bg5 c6 5. Qd2 Nf6 6. 0-0-0 h6 7. Be3 b5 8. Bd3 Ng4 9. f4 Qb6 10. e5 dxe5 11. fxe5 Bxe5 12. Nf3 Bg7 13. Rhe1 Nxe3 14. Qxe3 0-0 15. Qxe7 Bg4 16. Re3 Nd7 17. Rf1 b4 18. Ne2 Nf6 19. Re5 Nd5 20. Qh4 Bxe5 21. Nxe5 Bxe2 22. Bxe2 Kg7 23. Bd3 c5 24. Nd7 Qd8 25. Qg4 Qe7 26. dxc5 Qe3+ 27. Kb1 f5 28. Qc4 Rfe8 29. a4 Qe6 30. Qd4+ Kh7 31. Qxd5 Rad8 32. Qxe6 Rxe6 33. c6 Rxc6 34. Ne5 Re6 35. Nxg6 Kxg6 36. Bxf5+ Kf6 37. Bxe6+ Kxe6 38. Rf4 a5 39. Rh4 Rd2 40. Rxh6+ Kd7 41. g4 1-0